TEXTILES HANDBOOK NATURAL DYES (Record no. 25826)

MARC details
000 -LEADER
fixed length control field 00319nam a22001457a 4500
003 - CONTROL NUMBER IDENTIFIER
control field SGT
020 ## - INTERNATIONAL STANDARD BOOK NUMBER
International Standard Book Number 978-1-78994-027-5
082 ## - DEWEY DECIMAL CLASSIFICATION NUMBER
Classification number 746
Item number RUD
100 ## - MAIN ENTRY--PERSONAL NAME
Personal name RUDKIN, LINDA
245 ## - TITLE STATEMENT
Title TEXTILES HANDBOOK NATURAL DYES
260 ## - PUBLICATION, DISTRIBUTION, ETC. (IMPRINT)
Place of publication, distribution, etc LONDON
Name of publisher, distributor, etc BLOOMSBURY
Year of Publication 2007
300 ## - PAGE DESCRIPTION
No. of Pages 114
650 ## - SUBJECT ADDED ENTRY--TOPICAL TERM
Topical term or geographic name as entry element TEXTILES
942 ## - ADDED ENTRY ELEMENTS (KOHA)
Source of classification or shelving scheme Dewey Decimal Classification
Koha item type Books
Holdings
Withdrawn status Lost status Source of classification or shelving scheme Damaged status Not for loan Home library Current library Shelving location Date acquired Vendor Name SGTU Bill Number Total Checkouts Full call number Accession No. (Barcode) Date last seen Bill Date Koha item type
    Dewey Decimal Classification   Not For Loan SGT Science & Social Sciences Library SGT Science & Social Sciences Library Reference Book 18/03/2024 SAVERA SGTU CB/959   746 RUD FF811 18/03/2024   Books